000 00433nam a22001817a 4500
003 koha_MIRAKIL
005 20231213095427.0
008 231213b |||||||| |||| 00| 0 ||| d
020 _b978-9-75510586-4
040 _aTR-IsEVY
_btur
_cTR-IsEVY
082 _a848 CAM/Y
100 _aCAMUS, ALBERT.
245 0 _aYABANCI.
260 _bCAN YAYINLARI,
_c2010
300 _a[ ] p.
650 _aTürk Edebiyatı.
942 _2ddc
_cBK
999 _c3434
_d3434